[Event "Superettan(Rockaden,Sthlm II-Upsala)"]
[Site "?"]
[Date "2015.01.31"]
[Round "5"]
[White "Malm Lindberg, Henrik"]
[Black "Heden, Gustav"]
[Result "1-0"]
[WhiteElo "2229"]
[BlackElo "2043"]
[PlyCount "69"]

1. e4 c5 2. Nf3 Nc6 3. d4 cxd4 4. Nxd4 Nf6 5. Nc3 d6 6. Be2 g6 7. O-O Bg7 8.
Nb3 O-O 9. Bg5 Ne8 10. Qd2 Nc7 11. Rad1 Re8 12. Rfe1 Ne6 13. Bh6 Bh8 14. Be3 b6
15. f4 Bb7 16. Bf3 Rc8 17. Qf2 Nb4 18. f5 Nc5 19. Bd4 Bxd4 20. Nxd4 Nc6 21.
Nxc6 Bxc6 22. e5 Bxf3 23. Qxf3 Qd7 24. exd6 exd6 25. Nd5 Qb5 26. Ne7+ Rxe7 27.
Rxe7 Rf8 28. b3 Qa5 29. a4 b5 30. axb5 Qxb5 31. Rxd6 gxf5 32. Qxf5 Qb4 33. Qg5+
Kh8 34. Qf6+ Kg8 35. Rd4 1-0

[Event "Superettan(Rockaden,Sthlm II-Upsala)"]
[Site "?"]
[Date "2015.01.31"]
[Round "5"]
[White "Backman, Michael"]
[Black "Cederberg, Karl Olof"]
[Result "0-1"]
[WhiteElo "2028"]
[BlackElo "2167"]
[PlyCount "60"]
[EventDate "2015.??.??"]

1. d4 Nf6 2. c4 e5 3. dxe5 Ne4 4. a3 b6 5. Nf3 Bb7 6. e3 d6 7. Be2 Nd7 8. e6
fxe6 9. O-O Qf6 10. Nd4 O-O-O 11. Bg4 Re8 12. Qa4 Nec5 13. Qxa7 Ne5 14. Bh3 g5
15. f4 gxf4 16. Rxf4 Qg6 17. Nc3 Bh6 18. b4 Bxf4 19. bxc5 Bxh2+ 20. Kh1 dxc5
21. Nxe6 Rxe6 22. Nd5 Ng4 23. Bb2 Be5 24. Bxe5 Rxe5 25. Rf1 h5 26. a4 Qd6 27.
Rf4 Rxe3 28. g3 Rxg3 29. Bg2 Rxg2 30. Kxg2 Qxf4 0-1

[Event "Superettan(Limhamn II-Vaxjo)"]
[Site "?"]
[Date "2015.01.31"]
[Round "5"]
[White "Alle, Ambjorn"]
[Black "Tadjerbashi, Amir"]
[Result "0-1"]
[WhiteElo "2233"]
[BlackElo "2205"]
[PlyCount "69"]

1. d4 d5 2. c4 c6 3. cxd5 cxd5 4. Bf4 Nf6 5. Nc3 Nc6 6. e3 a6 7. Bd3 e6 8. Nf3
Be7 9. Ne5 Bd7 10. O-O O-O 11. Rc1 Rc8 12. Bg5 Be8 13. f4 Nd7 14. Bxe7 Qxe7 15.
Na4 Ndxe5 16. fxe5 Qg5 17. Rf4 f6 18. Qf1 Bg6 19. Bxg6 hxg6 20. exf6 gxf6 21.
Re1 e5 22. h4 Qg3 23. Rf3 Qxh4 24. Nc3 Rcd8 25. dxe5 fxe5 26. Rd1 d4 27. Nd5
Rxf3 28. Qxf3 Rf8 29. Qe2 Qe4 30. Qc4 Kg7 31. Re1 Qh4 32. Rf1 Rxf1+ 33. Qxf1
dxe3 34. Nxe3 Qe4 35. Nd1 0-1

[Event "Superettan(Limhamn II-Vaxjo)"]
[Site "?"]
[Date "2015.01.31"]
[Round "5"]
[White "Eklund, Joel"]
[Black "Bromann, Thorbjorn"]
[Result "1/2-1/2"]
[WhiteElo "2206"]
[BlackElo "2450"]
[PlyCount "97"]

1. d4 g6 2. e4 Bg7 3. c4 d6 4. Nc3 e5 5. d5 a5 6. Bd3 Na6 7. Be3 h5 8. Qd2 Bh6
9. O-O-O Nc5 10. Bc2 Bxe3 11. Qxe3 Nh6 12. h3 f5 13. f4 fxe4 14. Nxe4 Nf5 15.
Qe1 Nxe4 16. Qxe4 Qh4 17. Ne2 Qe7 18. g4 Nh4 19. Ng3 hxg4 20. fxe5 Bf5 21. Nxf5
gxf5 22. Ba4+ Kf8 23. Qd3 dxe5 24. hxg4 fxg4 25. Rdf1+ Kg7 26. Bc2 Raf8 27. Kb1
Qg5 28. c5 Rxf1+ 29. Rxf1 Nf3 30. Rd1 Qf6 31. d6 cxd6 32. cxd6 g3 33. Qe4 g2
34. Qg4+ Qg5 35. Qd7+ Kh6 36. Qe6+ Kg7 37. Qd7+ Kh6 38. Qe6+ Kh5 39. Qh3+ Nh4
40. Rg1 Qf4 41. Bd1+ Kg5 42. Rxg2+ Nxg2 43. Qxh8 Qe4+ 44. Ka1 Qd5 45. Qh5+ Kf6
46. Qh6+ Kf5 47. Qh5+ Kf6 48. Qh6+ Kf5 49. Qh5+ 1/2-1/2

[Event "Superettan(Limhamn II-Vaxjo)"]
[Site "?"]
[Date "2015.01.31"]
[Round "5"]
[White "Olofsson-Dolk, Mattis"]
[Black "Holst, Conny"]
[Result "0-1"]
[WhiteElo "2228"]
[BlackElo "2197"]
[PlyCount "70"]

1. e4 c5 2. Nf3 g6 3. d4 cxd4 4. Nxd4 Nc6 5. Nc3 Bg7 6. Be3 Nf6 7. Bc4 O-O 8.
Bb3 d6 9. f3 Na5 10. Qd2 Bd7 11. O-O-O Nxb3+ 12. cxb3 a5 13. Kb1 a4 14. bxa4
Bxa4 15. Rc1 Bd7 16. g4 Be6 17. h4 Qa5 18. a3 Rfc8 19. h5 Bc4 20. hxg6 fxg6 21.
Nc2 Bf7 22. Bd4 e5 23. Be3 d5 24. g5 d4 25. gxf6 dxc3 26. Qh2 Bxf6 27. Qxh7+
Kf8 28. Bh6+ Ke8 29. Bg7 Bg5 30. Rcg1 Qb5 31. b4 Qc4 32. Qh8+ Ke7 33. Bf8+ Kd7
34. Rd1+ Bd2 35. Qh3+ Ke8 0-1

[Event "Superettan(Limhamn II-Vaxjo)"]
[Site "?"]
[Date "2015.01.31"]
[Round "5"]
[White "Mansson, Peter"]
[Black "Carstensen, Jacob"]
[Result "0-1"]
[WhiteElo "2144"]
[BlackElo "2361"]
[PlyCount "130"]

1. e4 c5 2. Nf3 d6 3. d4 cxd4 4. Nxd4 Nf6 5. Nc3 a6 6. Qf3 g6 7. h3 Bg7 8. Be3
O-O 9. O-O-O Qa5 10. g4 Nc6 11. Nb3 Qc7 12. Qg2 Be6 13. Kb1 Nd7 14. Nd5 Bxd5
15. exd5 Na5 16. Bd4 Nxb3 17. Bxg7 Kxg7 18. axb3 Rfc8 19. f4 Qc5 20. h4 Qe3 21.
Qd2 Qxd2 22. Rxd2 Nf6 23. Bh3 Rc5 24. Rhd1 a5 25. Rd4 b5 26. f5 Nd7 27. fxg6
hxg6 28. c3 Ne5 29. Bf1 b4 30. cxb4 axb4 31. Rxb4 Rca5 32. Rf4 Ra1+ 33. Kc2
Rxd1 34. Kxd1 Ra1+ 35. Kc2 Nxg4 36. Rxg4 Rxf1 37. b4 f5 38. Rd4 Ra1 39. b5 Kf6
40. b6 Ra8 41. Rb4 Ke5 42. Rb5 Kf4 43. Kd2 Kg3 44. Rb4 f4 45. b7 Rb8 46. Ke2
Kxh4 47. Rxf4+ Kg5 48. Rb4 Kf5 49. Kf3 e6 50. dxe6 Kxe6 51. Rg4 Rxb7 52. Rxg6+
Kd5 53. Rg2 Rb3+ 54. Kf4 Kc4 55. Rd2 d5 56. Ke5 Re3+ 57. Kf4 d4 58. Rd1 Re2 59.
b4 d3 60. b5 d2 61. b6 Kd3 62. Kf3 Re6 63. Rb1 Rxb6 64. Rxb6 d1=Q+ 65. Kf4 Qc1+
0-1

[Event "Superettan(Limhamn II-Vaxjo)"]
[Site "?"]
[Date "2015.01.31"]
[Round "5"]
[White "Lekander, Rolf"]
[Black "Nylen, Anders"]
[Result "1-0"]
[WhiteElo "2231"]
[BlackElo "2093"]
[PlyCount "149"]

1. c4 Nf6 2. g3 g6 3. Bg2 d5 4. cxd5 Nxd5 5. Nc3 Nb6 6. d3 Bg7 7. Be3 O-O 8.
Qd2 Re8 9. h4 h5 10. Nf3 Nc6 11. O-O Bg4 12. Rac1 Qd7 13. Ne4 Qc8 14. Bh6 Bh8
15. Nc5 Nd7 16. b4 Nxc5 17. Rxc5 a6 18. Rfc1 Qd7 19. Be3 Rac8 20. Nh2 Nd8 21.
Nxg4 hxg4 22. h5 c6 23. hxg6 fxg6 24. Rg5 Kf7 25. Rc4 Bf6 26. Rgxg4 Ne6 27. Qc2
Rg8 28. Qb3 Kg7 29. Be4 Nf8 30. Bf3 Re8 31. Bg5 Ne6 32. Be3 Nd8 33. Rce4 e5 34.
Bg5 Bxg5 35. Rxg5 Nf7 36. Rgg4 Nd6 37. Re3 Nf5 38. Ree4 Nd6 39. Re3 Nf5 40. Be4
Rh8 41. Rf3 Rh5 42. Bxf5 Rxf5 43. Rxf5 Qxf5 44. Qc4 Rf8 45. f3 Rf6 46. Kg2 Rd6
47. a3 Qf6 48. Qc1 Rd4 49. Rxd4 exd4 50. Qc5 Kh6 51. Kf2 g5 52. a4 Kg6 53. a5
Kh6 54. Kf1 Kg6 55. Ke1 Kh6 56. Kd1 Kg6 57. Kd2 Kh6 58. Ke1 Kg6 59. Kf2 Kh6 60.
e4 dxe3+ 61. Kxe3 Qe6+ 62. Kd4 Kg6 63. Qe5 Qb3 64. Qd6+ Kg7 65. Ke5 Qf7 66. f4
gxf4 67. gxf4 Qh5+ 68. Kd4 Qh2 69. Qe5+ Kh7 70. Kc5 Qg1+ 71. Qd4 Qe1 72. Kb6
Qh4 73. Kxb7 Qe7+ 74. Kxa6 Kg8 75. Kb6 1-0

[Event "Superettan(Limhamn II-Vaxjo)"]
[Site "?"]
[Date "2015.01.31"]
[Round "5"]
[White "Morling, Joakim"]
[Black "Lindahl, Emil"]
[Result "0-1"]
[WhiteElo "2115"]
[BlackElo "2140"]
[PlyCount "62"]

1. d4 Nf6 2. c4 e6 3. Nc3 Bb4 4. f3 O-O 5. a3 Bxc3+ 6. bxc3 Ne8 7. Nh3 b6 8. e3
Ba6 9. Bd3 Nc6 10. a4 Na5 11. Ba3 c5 12. Qe2 Rc8 13. e4 Nd6 14. e5 Qh4+ 15. Nf2
Ndxc4 16. g3 Qh5 17. Ng4 Rfd8 18. f4 Kh8 19. O-O cxd4 20. cxd4 Nb3 21. Ra2 Nxd4
22. Qe4 Nf5 23. Nf2 d5 24. exd6 Ncxd6 25. Qe5 Bxd3 26. g4 Qg6 27. Nxd3 Nc4 28.
Qe2 Nd4 29. Qd1 Ne3 30. Ne5 Nxd1 31. Nxg6+ hxg6 0-1

[Event "Superettan(Limhamn II-Vaxjo)"]
[Site "?"]
[Date "2015.01.31"]
[Round "5"]
[White "Gutzmann, Tobias"]
[Black "Ollen, Martin"]
[Result "0-1"]
[WhiteElo "2101"]
[BlackElo "2017"]
[PlyCount "66"]

1. e4 d6 2. d4 Nf6 3. Nc3 g6 4. Nf3 Bg7 5. h3 a6 6. a4 b6 7. Be3 Bb7 8. Bd3 c5
9. dxc5 bxc5 10. e5 dxe5 11. Nxe5 Qc7 12. Nf3 O-O 13. Qe2 e5 14. Bc4 Nbd7 15.
O-O Nb6 16. Ba2 Nbd5 17. Nxd5 Nxd5 18. Rfd1 Nf4 19. Bxf4 exf4 20. c3 Rae8 21.
Qc4 Bxf3 22. gxf3 Qb7 23. Kg2 Qxb2 24. Rab1 Qxc3 25. Rb7 Qf6 26. Qxc5 Re5 27.
Qa7 Qg5+ 28. Kh1 Rf5 29. Qxa6 Qh4 30. Qf1 Rc5 31. Bc4 Rxc4 32. Rxf7 Rxf7 33.
Rd8+ Qxd8 0-1

[Event "Superettan(Rock,Umea-Rock,Sthlm II)"]
[Site "?"]
[Date "2015.01.16"]
[Round "6"]
[White "Berovski, Krum"]
[Black "Petrov, Marijan"]
[Result "0-1"]
[WhiteElo "2329"]
[BlackElo "2499"]
[PlyCount "74"]
[EventDate "2015.??.??"]

1. d4 g6 2. e4 Bg7 3. Nc3 d6 4. Bg5 Nc6 5. d5 Nd4 6. Nb5 Nxb5 7. Bxb5+ c6 8.
Bc4 Bxb2 9. Rb1 Bc3+ 10. Kf1 Bg7 11. dxc6 bxc6 12. Nf3 Nf6 13. Bxf6 Bxf6 14. e5
dxe5 15. Qe2 Qc7 16. Re1 Bf5 17. Nxe5 Qxe5 18. Qxe5 Bxe5 19. Rxe5 Bxc2 20. Rc5
Rb8 21. Ke2 Be4 22. f3 Bd5 23. Bxd5 cxd5 24. Rxd5 e6 25. Ra5 Rb2+ 26. Ke3 Rxg2
27. Rxa7 O-O 28. h4 Rc8 29. h5 Kg7 30. hxg6 hxg6 31. Rd1 Rcc2 32. a4 Rce2+ 33.
Kd4 Rg5 34. Kd3 Ra2 35. Ke4 Rf5 36. Rf1 g5 37. f4 Rb2 0-1

[Event "Superettan(Rock,Umea-Rock,Sthlm II)"]
[Site "?"]
[Date "2015.01.16"]
[Round "6"]
[White "Wickstrom, Lucas"]
[Black "Olund, Joar"]
[Result "1-0"]
[WhiteElo "2319"]
[BlackElo "2278"]
[PlyCount "65"]
[EventDate "2015.??.??"]

1. d4 Nf6 2. c4 g6 3. Nc3 Bg7 4. e4 d6 5. Nf3 O-O 6. Be2 e5 7. O-O Nh5 8. dxe5
dxe5 9. c5 Nf4 10. Bc4 Be6 11. Qb3 Nd7 12. Be3 Qe7 13. Bxe6 fxe6 14. Rfd1 Nxc5
15. Qa3 b6 16. Na4 Nh3+ 17. Kf1 Rxf3 18. gxf3 Bf8 19. Nxc5 bxc5 20. Qa4 Qf6 21.
Qc6 Rb8 22. Qxc7 Rxb2 23. Kg2 Qh4 24. Qxe5 Nxf2 25. Qxb2 Qh3+ 26. Kg1 Nxd1 27.
Rxd1 Qxf3 28. Re1 Qxe4 29. Qg2 Qd3 30. Bf2 Kf7 31. Qb7+ Kf6 32. Qe4 Qh3 33.
Qh4+ 1-0

[Event "Superettan(Rock,Umea-Rock,Sthlm II)"]
[Site "?"]
[Date "2015.01.16"]
[Round "6"]
[White "Bryntze, Stefan"]
[Black "Forsberg, Viktor"]
[Result "0-1"]
[WhiteElo "2209"]
[BlackElo "2340"]
[PlyCount "44"]
[EventDate "2015.??.??"]

1. f4 d5 2. e3 g6 3. Nf3 Bg7 4. d4 c5 5. c3 Qc7 6. Bd3 Nh6 7. O-O O-O 8. Qe2
Bf5 9. Nbd2 Nd7 10. Ne5 Bxd3 11. Qxd3 Nf6 12. b3 Rfd8 13. Bb2 Rac8 14. Rac1
cxd4 15. cxd4 Qa5 16. Bc3 Qb6 17. Rc2 Rc7 18. Rfc1 Rdc8 19. Ndf3 Ne4 20. Bb4
Rxc2 21. Rxc2 Rxc2 22. Qxc2 Qxb4 0-1

[Event "Superettan(Rock,Umea-Rock,Sthlm II)"]
[Site "?"]
[Date "2015.01.16"]
[Round "6"]
[White "Eriksson, Dan"]
[Black "Malmstig, Erik"]
[Result "1/2-1/2"]
[WhiteElo "2088"]
[BlackElo "2246"]
[PlyCount "51"]
[EventDate "2015.??.??"]

1. e4 e5 2. Nf3 Nc6 3. d4 exd4 4. Nxd4 Bc5 5. Be3 Qh4 6. Nc3 d6 7. g3 Qg4 8.
Be2 Qd7 9. Nd5 Nge7 10. Nxc6 Nxc6 11. Bxc5 dxc5 12. Bb5 O-O 13. Qh5 a6 14. Bxc6
bxc6 15. Ne3 Qd4 16. O-O g6 17. Qh4 Re8 18. Rad1 Qxb2 19. Rd8 Be6 20. Rfd1 Kg7
21. Rxa8 Rxa8 22. Nf5+ gxf5 23. Qg5+ Kh8 24. Rd8+ Rxd8 25. Qxd8+ Kg7 26. Qg5+
1/2-1/2

[Event "Superettan(Rock,Umea-Rock,Sthlm II)"]
[Site "?"]
[Date "2015.01.16"]
[Round "6"]
[White "Nygren, David"]
[Black "Sandbom, Jonas"]
[Result "1-0"]
[WhiteElo "2186"]
[BlackElo "2114"]
[PlyCount "49"]
[EventDate "2015.??.??"]

1. e4 e5 2. Nf3 Nc6 3. Bb5 a6 4. Ba4 Nf6 5. O-O Nxe4 6. d4 b5 7. Bb3 d5 8. dxe5
Be6 9. c3 Be7 10. Be3 O-O 11. Qe2 Qe8 12. Rd1 Rd8 13. Nbd2 f5 14. exf6 Nxf6 15.
a4 Na5 16. axb5 Nxb3 17. Nxb3 axb5 18. Nbd4 Bd7 19. Ne5 b4 20. Nxd7 Qxd7 21.
Bg5 bxc3 22. bxc3 Ne4 23. Bxe7 Rxf2 24. Qe3 Qxe7 25. Nc6 1-0

[Event "Superettan(Rock,Umea-Rock,Sthlm II)"]
[Site "?"]
[Date "2015.01.16"]
[Round "6"]
[White "Tuomainen, Felix"]
[Black "Eriksson, Jorgen"]
[Result "1/2-1/2"]
[WhiteElo "1912"]
[BlackElo "2211"]
[PlyCount "85"]
[EventDate "2015.??.??"]

1. d4 Nf6 2. c4 e6 3. Nc3 Bb4 4. e3 O-O 5. Nge2 Re8 6. a3 Bf8 7. Ng3 d5 8. Bd3
c5 9. O-O Nc6 10. cxd5 exd5 11. dxc5 Bxc5 12. b4 Bb6 13. Na4 Bc7 14. Bb2 Be5
15. Bb5 Bxb2 16. Nxb2 a6 17. Bxc6 bxc6 18. Rc1 Bd7 19. Nd3 a5 20. Nc5 axb4 21.
axb4 Be6 22. Qc2 Qb6 23. Qc3 h6 24. Ne2 Rab8 25. Nd4 Qxb4 26. Nxc6 Qxc3 27.
Rxc3 Rb6 28. Nd4 Rc8 29. Na4 Rxc3 30. Nxc3 g6 31. h3 Rb7 32. Ra1 Rc7 33. Nce2
Bd7 34. Ra5 g5 35. Ra1 Kg7 36. Rc1 Rxc1+ 37. Nxc1 Ne4 38. Nd3 Kf6 39. Nb4 Be6
40. Nbc6 Bd7 41. Nb4 Be6 42. Nbc6 Bd7 43. Nb4 1/2-1/2

[Event "Superettan(Rock,Umea-Rock,Sthlm II)"]
[Site "?"]
[Date "2015.01.16"]
[Round "6"]
[White "Mardell, Jimmy"]
[Black "Backman, Michael"]
[Result "0-1"]
[WhiteElo "2136"]
[BlackElo "2028"]
[PlyCount "104"]
[EventDate "2015.??.??"]

1. e4 c5 2. Nf3 d6 3. d4 cxd4 4. Nxd4 Nf6 5. Nc3 a6 6. Bg5 e6 7. f4 Nc6 8. Qd2
Be7 9. O-O-O Bd7 10. Be2 Qb6 11. Nxc6 bxc6 12. e5 d5 13. exf6 gxf6 14. Bh4 O-O
15. Bd3 Rfb8 16. b3 a5 17. Na4 Qc7 18. f5 e5 19. Qh6 Qd6 20. Kb1 Rb4 21. Ka1
Rxa4 22. bxa4 Qb4 23. Be1 Qd4+ 24. c3 Qxa4 25. Rb1 e4 26. Qf4 Bb4 27. Be2 Bc5
28. Bd2 d4 29. Rb8+ Rxb8 30. Qxb8+ Kg7 31. Qg3+ Kf8 32. Bh6+ Ke7 33. Bd2 e3 34.
Bd1 Qa3 35. Re1 Bd6 36. Qg4 Be5 37. cxd4 exd2 38. Rxe5+ fxe5 39. Qg5+ Ke8 40.
Qxd2 exd4 41. g4 c5 42. Bb3 Bb5 43. Qf4 Kd7 44. f6 Kc6 45. Qd2 c4 46. Bd1 Qe3
47. Qg2+ Kc5 48. Kb1 c3 49. a3 Bd3+ 50. Bc2 Qe1+ 51. Ka2 Bc4+ 52. Bb3 Qd2+ 0-1

[Event "Superettan(Orebro-Burgsvik)"]
[Site "?"]
[Date "2015.01.16"]
[Round "6"]
[White "Fries Nielsen, Jens Ove"]
[Black "Drugge, Patrick"]
[Result "0-1"]
[WhiteElo "2420"]
[BlackElo "2207"]
[PlyCount "68"]
[SourceDate "2015.01.30"]

1. e4 e5 2. Nf3 Nc6 3. d3 Nf6 4. c4 Bc5 5. Be2 d6 6. Nc3 Nd4 7. Nxd4 Bxd4 8.
Bg5 c6 9. Qd2 Qb6 10. O-O Ng4 11. Bxg4 Bxg4 12. Kh1 f6 13. Be3 O-O 14. Bxd4
Qxd4 15. f3 Be6 16. Ne2 Qb6 17. f4 d5 18. exd5 cxd5 19. b3 Rad8 20. fxe5 dxc4
21. exf6 cxd3 22. Ng3 Rxf6 23. Rxf6 gxf6 24. Rf1 Bf7 25. Ne4 f5 26. Rxf5 Bg6
27. Nf6+ Kh8 28. Rf4 Qd6 29. Ng4 Kg8 30. h4 Rf8 31. Rxf8+ Qxf8 32. Qg5 Qd6 33.
Nf6+ Kf7 34. Nd5 h6 0-1

[Event "Superettan(Orebro-Burgsvik)"]
[Site "?"]
[Date "2015.01.16"]
[Round "6"]
[White "Gruvaeus, Curt"]
[Black "Fries Nielsen, Niels J"]
[Result "1/2-1/2"]
[WhiteElo "2290"]
[BlackElo "2330"]
[PlyCount "67"]

1. d4 Nf6 2. c4 c5 3. Nf3 g6 4. Nc3 Bg7 5. g3 cxd4 6. Nxd4 Nc6 7. Nc2 Ng4 8.
Bd2 d6 9. h3 Nge5 10. b3 O-O 11. Bg2 e6 12. O-O d5 13. cxd5 exd5 14. Nxd5 Bxh3
15. Bc3 Bxg2 16. Kxg2 Re8 17. e4 Rc8 18. Nce3 Nd7 19. Bxg7 Kxg7 20. f3 Nf6 21.
Qd2 Nxd5 22. Nxd5 f6 23. Rh1 h5 24. Rad1 Qd6 25. Nf4 Qxd2+ 26. Rxd2 Ne5 27. Nd5
Red8 28. Rhd1 Kf7 29. Kf2 Rd6 30. Ke2 Rcd8 31. Ke3 R6d7 32. Ke2 Rd6 33. Ke3
R6d7 34. Ke2 1/2-1/2

[Event "Superettan(Orebro-Burgsvik)"]
[Site "?"]
[Date "2015.01.16"]
[Round "6"]
[White "Zadruzny, Nicolaj"]
[Black "Nygren, Kim"]
[Result "1-0"]
[WhiteElo "2231"]
[BlackElo "2212"]
[PlyCount "91"]

1. d4 Nf6 2. Nc3 c5 3. d5 g6 4. e4 d6 5. Be2 Bg7 6. Nf3 O-O 7. O-O Na6 8. Bf4
Nh5 9. Be3 Nc7 10. Nd2 b5 11. Bxh5 gxh5 12. Qxh5 f5 13. Bh6 Bxh6 14. Qxh6 Rf6
15. Qh4 Qf8 16. f3 Rh6 17. Qf4 e5 18. dxe6 Nxe6 19. Qxf5 Qg7 20. Ne2 Qxb2 21.
Qd5 Rb8 22. c3 Bb7 23. Qd3 Ba6 24. Qe3 Rf6 25. Rab1 Qc2 26. Rfc1 Qa4 27. f4 Re8
28. f5 Ng7 29. Qg5 Kf7 30. Nf4 h6 31. Qg3 Bb7 32. c4 a6 33. Qd3 Kg8 34. Nd5
Bxd5 35. Qxd5+ Kh7 36. cxb5 axb5 37. Qd3 Qa7 38. Kh1 b4 39. Rc2 Qe7 40. Rf1 Qe5
41. a3 Rb8 42. Nc4 Qe7 43. Ne3 b3 44. Nd5 bxc2 45. Nxe7 Rb1 46. Rxb1 1-0

[Event "Superettan(Orebro-Burgsvik)"]
[Site "?"]
[Date "2015.01.16"]
[Round "6"]
[White "Blomstrom, Lars"]
[Black "Andersson, Tommy"]
[Result "0-1"]
[WhiteElo "2135"]
[BlackElo "2373"]
[PlyCount "78"]

1. e4 c5 2. Nc3 d6 3. g3 Nc6 4. Bg2 g6 5. d3 Bg7 6. Be3 Nf6 7. h3 Nd4 8. Qd2 h6
9. Nd1 e5 10. c3 Ne6 11. Ne2 d5 12. f4 d4 13. cxd4 exd4 14. Bf2 O-O 15. O-O Ne8
16. g4 f5 17. gxf5 gxf5 18. e5 Rb8 19. Kh2 b6 20. Rg1 Bb7 21. b3 Kh7 22. Qe1
Qc7 23. Bg3 Qf7 24. Qf2 Qh5 25. Bh4 Rg8 26. Nb2 N8c7 27. Bxb7 Rxb7 28. Raf1
Rbb8 29. Nc4 Bh8 30. Be7 Nd5 31. Bd6 Rbd8 32. a4 a6 33. Qf3 Qxf3 34. Rxf3 Rxg1
35. Kxg1 Bg7 36. Kf2 h5 37. a5 bxa5 38. Nxa5 Rd7 39. Kg3 Bh6 0-1

[Event "Superettan(Orebro-Burgsvik)"]
[Site "?"]
[Date "2015.01.16"]
[Round "6"]
[White "Linusson, Pelle"]
[Black "Sparv, Joakim"]
[Result "1-0"]
[WhiteElo "2206"]
[BlackElo "1983"]
[PlyCount "57"]

1. d4 e6 2. c4 d5 3. Nf3 Nf6 4. g3 c6 5. Bg2 Be7 6. O-O O-O 7. Qc2 Nbd7 8. Nbd2
Re8 9. Rd1 Nf8 10. e4 Ng6 11. e5 Nd7 12. h4 c5 13. h5 Ngf8 14. dxc5 Bxc5 15.
Nb3 Qb6 16. cxd5 exd5 17. Nxc5 Qxc5 18. Qxc5 Nxc5 19. Rxd5 b6 20. b4 Bb7 21.
Rd6 Na6 22. a3 Rac8 23. Bf4 Rc3 24. Nd4 Bxg2 25. Kxg2 Ra8 26. Rc1 Rxc1 27. Bxc1
Ne6 28. Rd7 h6 29. Be3 1-0

[Event "Superettan(Orebro-Burgsvik)"]
[Site "?"]
[Date "2015.01.16"]
[Round "6"]
[White "Jonsson, Krister"]
[Black "Andersson, Bjorn"]
[Result "1-0"]
[WhiteElo "2083"]
[BlackElo "2211"]
[PlyCount "85"]

1. d4 c5 2. d5 Nf6 3. Nc3 g6 4. e4 d6 5. Nf3 Bg7 6. Be2 O-O 7. O-O Na6 8. Re1
Nc7 9. a4 Bg4 10. Nd2 Bxe2 11. Qxe2 a6 12. f4 e6 13. dxe6 Nxe6 14. Nf3 Re8 15.
Bd2 Nd4 16. Qd3 Ng4 17. h3 c4 18. Qxc4 Nxf3+ 19. gxf3 Qb6+ 20. Kh1 Rac8 21. Qe2
Qxb2 22. Rab1 Qxc2 23. Nd5 Rc5 24. Nb4 Qxa4 25. hxg4 h5 26. Qd3 hxg4 27. fxg4
a5 28. Nd5 Qc6 29. g5 b5 30. Bxa5 Rc4 31. Bb4 Rd4 32. Qf3 Qc2 33. Rbc1 Qa4 34.
Bxd6 Rdxe4 35. Rxe4 Qxe4 36. Qxe4 Rxe4 37. Rc8+ Kh7 38. Nf6+ Bxf6 39. gxf6 Re6
40. Be7 Re4 41. Rf8 b4 42. Rxf7+ Kh6 43. Rf8 1-0

[Event "Superettan(Orebro-Burgsvik)"]
[Site "?"]
[Date "2015.01.16"]
[Round "6"]
[White "Tuvesson, Mats"]
[Black "Linden, Anders"]
[Result "1/2-1/2"]
[WhiteElo "2210"]
[BlackElo "1757"]
[PlyCount "62"]

1. d4 d5 2. Nf3 Nf6 3. c4 c6 4. e3 Bg4 5. h3 Bxf3 6. Qxf3 Nbd7 7. Nc3 dxc4 8.
Bxc4 e5 9. O-O Be7 10. Bb3 exd4 11. exd4 Nb6 12. Bg5 O-O 13. Rad1 Nfd5 14. Bxe7
Nxe7 15. Rfe1 Rc8 16. Ne4 Nbd5 17. Nc3 Qd7 18. Re5 Ng6 19. Re2 Nf6 20. g4 h6
21. Qg3 Rfe8 22. Red2 Ne4 23. Nxe4 Rxe4 24. d5 Rce8 25. dxc6 Re1+ 26. Kh2 Qxc6
27. Bd5 Qc8 28. Bb3 Qc6 29. Bd5 Qc8 30. Bb3 Qc6 31. Bd5 Qc8 1/2-1/2

[Event "Superettan(Orebro-Burgsvik)"]
[Site "?"]
[Date "2015.01.16"]
[Round "6"]
[White "Gummesson, Anton"]
[Black "Larsson, Victor"]
[Result "0-1"]
[WhiteElo "1863"]
[BlackElo "2145"]
[PlyCount "60"]

1. e4 c5 2. Nf3 Nc6 3. d4 cxd4 4. Nxd4 g6 5. Nc3 Bg7 6. Be3 Nf6 7. Be2 O-O 8.
Nb3 d6 9. f4 a6 10. g4 b5 11. Bf3 Bb7 12. Qd2 Na5 13. Nxa5 Qxa5 14. O-O b4 15.
Nd5 Nxd5 16. exd5 Bxb2 17. Bd4 Bxd4+ 18. Qxd4 Qc5 19. Qxc5 dxc5 20. Rad1 Rfd8
21. Kf2 Rd7 22. Rd2 Rad8 23. Rfd1 Rd6 24. Ke3 Kf8 25. f5 e6 26. fxe6 fxe6 27.
Rf2 Ke7 28. Rdf1 exd5 29. Kd2 Rf6 30. Re1+ Kd6 0-1

[Event "Superettan(Kamraterna-Vaxjo)"]
[Site "?"]
[Date "2015.01.18"]
[Round "6"]
[White "Rydstrom, Tom"]
[Black "Svensson, Bengt"]
[Result "1/2-1/2"]
[WhiteElo "2292"]
[BlackElo "2345"]
[PlyCount "84"]

1. e4 c5 2. Nf3 Nc6 3. d4 cxd4 4. Nxd4 Nf6 5. Nc3 e5 6. Ndb5 d6 7. Bg5 a6 8.
Na3 b5 9. Nd5 Be7 10. Bxf6 Bxf6 11. c4 b4 12. Nc2 Rb8 13. Qf3 Be6 14. Rd1 Bxd5
15. Rxd5 Ne7 16. Rd1 Nc6 17. Rd5 Ne7 18. Rd1 Nc6 19. Be2 Nd4 20. Nxd4 exd4 21.
O-O O-O 22. c5 dxc5 23. Bxa6 Qe7 24. Qd3 g6 25. Bc4 Bg7 26. f4 Kh8 27. Rde1 f6
28. Qh3 Qd6 29. f5 g5 30. Qg3 Qxg3 31. hxg3 Rfe8 32. g4 Bf8 33. Kf2 Bd6 34. g3
Be5 35. Kf3 Red8 36. Rd1 Rd6 37. Rf2 Kg7 38. Rh2 Rb7 39. Rdh1 Kh8 40. Rd1 Kg7
41. Rdh1 Kh8 42. Rd1 Kg7 1/2-1/2

[Event "Superettan(Kamraterna-Vaxjo)"]
[Site "?"]
[Date "2015.01.18"]
[Round "6"]
[White "Aberg, Anton"]
[Black "Carstensen, Jacob"]
[Result "1/2-1/2"]
[WhiteElo "2395"]
[BlackElo "2361"]
[PlyCount "184"]

1. e4 c5 2. Nf3 d6 3. Bb5+ Nd7 4. O-O Ngf6 5. Re1 a6 6. Bf1 b6 7. d3 Bb7 8.
Nbd2 e6 9. c3 Be7 10. d4 cxd4 11. cxd4 O-O 12. Bd3 e5 13. d5 Nc5 14. Bc2 a5 15.
a4 Ba6 16. Nb1 b5 17. axb5 Bxb5 18. Nc3 Qb6 19. h3 Rfb8 20. Be3 Nfd7 21. Ba4
Bxa4 22. Nxa4 Qb5 23. Bxc5 Nxc5 24. Nxc5 Qxc5 25. Rc1 Qa7 26. Re2 Bd8 27. Rc6
Qe7 28. Rec2 Bb6 29. Qc1 h6 30. Rc8+ Kh7 31. Rxb8 Rxb8 32. Qe1 Qa7 33. Nd2 Bc5
34. Nc4 Rb4 35. Qe2 g6 36. h4 h5 37. g3 a4 38. Kg2 Rb3 39. Nd2 Rb4 40. Nc4 Rb3
41. Qd2 Bb4 42. Qe2 Qd4 43. Kh2 Kg7 44. Rc1 Rd3 45. Rc2 Rd1 46. Ne3 Rd2 47.
Rxd2 Bxd2 48. Nc2 Qxb2 49. Qxd2 a3 50. Kg2 a2 51. Qd3 a1=Q 52. Nxa1 Qxa1 53.
Qe3 Qb1 54. Kf3 f5 55. Qa7+ Kf6 56. Qe3 Qh1+ 57. Ke2 Qxe4 58. Qxe4 fxe4 59. Kd2
g5 60. hxg5+ Kxg5 61. Ke3 Kf5 62. Ke2 Kg4 63. Ke3 Kf5 64. Ke2 Kg4 65. Ke3 h4
66. gxh4 Kxh4 67. Kxe4 Kg4 68. Ke3 Kf5 69. f3 Kg5 70. Ke4 Kg6 71. f4 exf4 72.
Kxf4 Kf6 73. Ke4 Kg5 74. Ke3 Kf5 75. Kd4 Kf4 76. Kc4 Ke4 77. Kc3 Ke3 78. Kc4
Ke4 79. Kc3 Kxd5 80. Kd3 Kc5 81. Kc3 d5 82. Kd3 d4 83. Kd2 Kd5 84. Kd3 Ke5 85.
Kd2 Ke4 86. Ke2 d3+ 87. Kd2 Kd4 88. Kd1 Kc4 89. Kd2 Kd4 90. Kd1 Ke3 91. Ke1 d2+
92. Kd1 Kd3 1/2-1/2

[Event "Superettan(Kamraterna-Vaxjo)"]
[Site "?"]
[Date "2015.01.18"]
[Round "6"]
[White "Bromann, Thorbjorn"]
[Black "Hamark, Jesper"]
[Result "1/2-1/2"]
[WhiteElo "2450"]
[BlackElo "2339"]
[PlyCount "100"]

1. d4 d6 2. e4 g6 3. f4 Bg7 4. Nf3 c5 5. c3 Nf6 6. dxc5 O-O 7. e5 dxe5 8. Qxd8
Rxd8 9. Nxe5 Nbd7 10. Nd3 e5 11. fxe5 Nxe5 12. Nxe5 Re8 13. Bf4 Nh5 14. Bb5 Re7
15. O-O Nxf4 16. Nf3 Ne6 17. c6 Rb8 18. b3 bxc6 19. Bxc6 Ba6 20. Re1 Rc7 21.
Be4 Nf4 22. g3 f5 23. gxf4 fxe4 24. Rxe4 Bb7 25. Re3 Rf8 26. Ne5 Rxf4 27. Nc4
Rg4+ 28. Rg3 Rxg3+ 29. hxg3 Rd7 30. Nba3 Bxc3 31. Rf1 Bd4+ 32. Kh2 Re7 33. Rd1
Re2+ 34. Kh3 Bc8+ 35. g4 Re4 36. Kg2 Bxg4 37. Rd2 Be6 38. Nb5 Bc5 39. Rd8+ Kg7
40. Kf3 Re1 41. Nd4 h5 42. Nxe6+ Rxe6 43. Rd5 Be7 44. Ne3 Rf6+ 45. Kg2 Rf7 46.
a4 g5 47. b4 Bxb4 48. Rxg5+ Kh6 49. Rb5 a5 50. Nc2 Rg7+ 1/2-1/2